[Event "Batavia 1920"]
[Site "Amsterdam"]
[Date "2014.02.21"]
[Round "1.1"]
[White "Burg, Twan"]
[Black "Peng, Zhaoqin"]
[Result "1/2-1/2"]
[LiveChessVersion "1.4.2"]
[BlackElo "2398"]
[WhiteElo "2494"]

1. d4 {[%clk 1:30:57]} Nf6 {[%clk 1:30:36]} 2. c4 {[%clk 1:31:10]} e6
{[%clk 1:31:01]} 3. g3 {[%clk 1:30:56]} Bb4+ {[%clk 1:27:58]} 4. Bd2
{[%clk 1:31:15]} Qe7 {[%clk 1:28:06]} 5. Bg2 {[%clk 1:30:45]} Nc6
{[%clk 1:27:49]} 6. Nf3 {[%clk 1:29:59]} Bxd2+ {[%clk 1:27:45]} 7. Nbxd2
{[%clk 1:24:28]} d6 {[%clk 1:26:47]} 8. O-O {[%clk 1:22:10]} a5 {[%clk 1:26:40]}
9. e4 {[%clk 1:20:58]} e5 {[%clk 1:27:03]} 10. d5 {[%clk 1:21:17]} Nb8
{[%clk 1:25:08]} 11. Ne1 {[%clk 1:21:23]} h5 {[%clk 1:22:31]} 12. h3
{[%clk 1:13:51]} h4 {[%clk 1:17:34]} 13. g4 {[%clk 1:13:51]} Nbd7
{[%clk 1:13:04]} 14. Nd3 {[%clk 1:13:26]} O-O {[%clk 1:05:23]} 15. f4
{[%clk 1:07:27]} exf4 {[%clk 1:05:37]} 16. Rxf4 {[%clk 1:07:32]} Ne5
{[%clk 1:04:07]} 17. Nxe5 {[%clk 1:07:35]} Qxe5 {[%clk 1:04:17]} 18. Rf2
{[%clk 1:07:26]} Bd7 {[%clk 0:44:38]} 19. Qc2 {[%clk 1:07:42]} b6
{[%clk 0:40:58]} 20. Re1 {[%clk 0:56:51]} Rae8 {[%clk 0:30:30]} 21. Re3
{[%clk 0:54:01]} Nh7 {[%clk 0:23:07]} 22. Nf3 {[%clk 0:53:41]} Qe7
{[%clk 0:23:22]} 23. Rfe2 {[%clk 0:48:11]} Qd8 {[%clk 0:13:50]} 24. Re1
{[%clk 0:45:45]} Ng5 {[%clk 0:11:52]} 25. Nxh4 {[%clk 0:32:34]} Nxe4
{[%clk 0:12:09]} 26. Nf5 {[%clk 0:30:43]} Bxf5 {[%clk 0:11:21]} 27. Bxe4
{[%clk 0:31:04]} Qg5 {[%clk 0:09:30]} 28. b3 {[%clk 0:25:15]} Re5
{[%clk 0:09:09]} 29. Qg2 {[%clk 0:22:56]} Bxe4 {[%clk 0:06:42]} 30. Rxe4
{[%clk 0:23:22]} Rfe8 {[%clk 0:07:05]} 31. Rxe5 {[%clk 0:23:12]} Rxe5
{[%clk 0:07:28]} 32. Qg3 {[%clk 0:23:14]} f6 {[%clk 0:06:19]} 33. Qf2
{[%clk 0:21:35]} Kf7 {[%clk 0:05:31]} 34. Kg2 {[%clk 0:20:24]} Ke7
{[%clk 0:05:17]} 35. Rxe5+ {[%clk 0:16:27]} Qxe5 {[%clk 0:04:49]} 36. Qf5
{[%clk 0:14:03]} Qe2+ {[%clk 0:04:10]} 37. Kg3 {[%clk 0:13:57]} Qe1+
{[%clk 0:04:28]} 38. Kg2 {[%clk 0:14:08]} Qe2+ {[%clk 0:04:54]} 39. Kg3
{[%clk 0:14:35]} 1/2-1/2

[Event "Batavia 1920"]
[Site "Amsterdam"]
[Date "2014.02.21"]
[Round "1.2"]
[White "Van Delft, Merijn"]
[Black "L'Ami, Alina"]
[Result "0-1"]
[LiveChessVersion "1.4.2"]
[BlackElo "2398"]
[WhiteElo "2423"]

1. e4 {[%clk 1:30:33]} c5 {[%clk 1:30:48]} 2. Nf3 {[%clk 1:30:58]} d6
{[%clk 1:31:09]} 3. d4 {[%clk 1:31:23]} cxd4 {[%clk 1:31:36]} 4. Nxd4
{[%clk 1:31:48]} Nf6 {[%clk 1:32:03]} 5. Nc3 {[%clk 1:32:12]} a6 {[%clk 1:32:31]}
6. Be3 {[%clk 1:32:27]} e5 {[%clk 1:32:57]} 7. Nb3 {[%clk 1:32:43]} Be6
{[%clk 1:33:24]} 8. h3 {[%clk 1:31:41]} Nbd7 {[%clk 1:30:11]} 9. g4
{[%clk 1:30:58]} Rc8 {[%clk 1:27:34]} 10. Qd2 {[%clk 1:29:35]} h6
{[%clk 1:24:56]} 11. O-O-O {[%clk 1:28:28]} b5 {[%clk 1:21:02]} 12. Kb1
{[%clk 1:20:27]} Be7 {[%clk 0:55:56]} 13. f4 {[%clk 1:17:16]} b4 {[%clk 0:52:09]}
14. Nd5 {[%clk 1:16:30]} Nxe4 {[%clk 0:50:07]} 15. Qxb4 {[%clk 1:14:49]} Bxd5
{[%clk 0:39:34]} 16. Rxd5 {[%clk 1:14:38]} Ng3 {[%clk 0:39:19]} 17. Rg1
{[%clk 1:12:30]} Nxf1 {[%clk 0:39:04]} 18. Rxf1 {[%clk 1:12:30]} Qc7
{[%clk 0:37:44]} 19. Rc1 {[%clk 0:56:44]} Qc6 {[%clk 0:32:52]} 20. Rd3
{[%clk 0:52:22]} d5 {[%clk 0:28:28]} 21. Qd2 {[%clk 0:35:58]} O-O
{[%clk 0:22:40]} 22. Rxd5 {[%clk 0:25:59]} exf4 {[%clk 0:21:56]} 23. Bxf4
{[%clk 0:17:22]} Nb6 {[%clk 0:20:28]} 24. Rh5 {[%clk 0:16:38]} Nc4
{[%clk 0:16:10]} 25. Qd5 {[%clk 0:12:12]} Qf6 {[%clk 0:10:25]} 26. Be5
{[%clk 0:09:56]} Qg6 {[%clk 0:10:33]} 27. Rf5 {[%clk 0:04:10]} Ne3
{[%clk 0:07:55]} 28. Qd7 {[%clk 0:04:32]} Bg5 {[%clk 0:04:38]} 29. Rf2
{[%clk 0:03:49]} Rfd8 {[%clk 0:04:21]} 30. Qb7 {[%clk 0:01:57]} Nxc2
{[%clk 0:02:23]} 31. Rfxc2 {[%clk 0:01:05]} Qxc2+ {[%clk 0:01:42]} 32. Rxc2
{[%clk 0:01:30]} Rd1+ {[%clk 0:02:09]} 33. Rc1 {[%clk 0:01:57]} Rdxc1+
{[%clk 0:02:34]} 34. Nxc1 {[%clk 0:02:24]} Rxc1# {[%clk 0:03:00]} 0-1

[Event "Batavia 1920"]
[Site "Amsterdam"]
[Date "2014.02.21"]
[Round "1.3"]
[White "Williams, Simon"]
[Black "Geirnaert, Steven"]
[Result "1/2-1/2"]
[WhiteElo "2449"]
[BlackElo "2391"]
[PlyCount "70"]
[EventDate "2014.??.??"]
[WhiteClock "0:42:04"]
[BlackClock "0:16:01"]

1. d4 Nf6 2. c4 e6 3. Nf3 b6 4. g3 Ba6 5. Qc2 c5 6. d5 exd5 7. cxd5 Bb7 8. e4
Qe7 9. Bd3 c4 10. Qxc4 Ba6 11. Qc2 Bxd3 12. Qxd3 Qxe4+ 13. Qxe4+ Nxe4 14. O-O
Bc5 15. Nbd2 Nf6 16. Re1+ Kf8 17. Nb3 Nxd5 18. Nxc5 bxc5 19. Bg5 f6 20. Rad1
Nb6 21. Bf4 Kf7 22. Bd6 Re8 23. Bxc5 Rxe1+ 24. Nxe1 d5 25. Nc2 N8d7 26. Bd4 Rc8
27. Ne3 Ke6 28. Re1 Rc6 29. b3 h5 30. a4 Ne5 31. Kg2 Nd3 32. Rd1 Nb4 33. a5 Nc8
34. Bb2 Nd6 35. h4 Nb5 1/2-1/2

[Event "Batavia 1920"]
[Site "Amsterdam"]
[Date "2014.02.21"]
[Round "1.4"]
[White "Smerdon, David"]
[Black "Van Foreest, Jorden"]
[Result "1-0"]
[LiveChessVersion "1.4.2"]
[BlackElo "2371"]
[WhiteElo "2508"]

1. e4 {[%clk 1:30:58]} c5 {[%clk 1:30:46]} 2. Nf3 {[%clk 1:29:02]} e6
{[%clk 1:30:42]} 3. c3 {[%clk 1:29:15]} Nf6 {[%clk 1:30:47]} 4. e5
{[%clk 1:29:40]} Nd5 {[%clk 1:30:48]} 5. d4 {[%clk 1:30:05]} cxd4
{[%clk 1:30:54]} 6. cxd4 {[%clk 1:30:31]} d6 {[%clk 1:30:58]} 7. Bc4
{[%clk 1:30:23]} Nb6 {[%clk 1:30:54]} 8. Bd3 {[%clk 1:28:26]} Bd7
{[%clk 1:30:31]} 9. O-O {[%clk 1:26:58]} Bc6 {[%clk 1:29:45]} 10. Nc3
{[%clk 1:18:34]} N8d7 {[%clk 1:23:11]} 11. Re1 {[%clk 1:09:19]} dxe5
{[%clk 1:16:05]} 12. Nxe5 {[%clk 1:06:44]} Nxe5 {[%clk 1:11:30]} 13. dxe5
{[%clk 0:51:13]} Nd5 {[%clk 1:05:43]} 14. Nxd5 {[%clk 0:37:02]} Qxd5
{[%clk 0:57:01]} 15. Be4 {[%clk 0:37:08]} Qb5 {[%clk 0:51:18]} 16. a4
{[%clk 0:29:27]} Qa6 {[%clk 0:44:17]} 17. Bxc6+ {[%clk 0:29:35]} bxc6
{[%clk 0:42:10]} 18. Qg4 {[%clk 0:23:30]} g6 {[%clk 0:33:00]} 19. Bg5
{[%clk 0:22:31]} Bg7 {[%clk 0:27:11]} 20. Qb4 {[%clk 0:21:58]} Bf8
{[%clk 0:27:40]} 21. Qh4 {[%clk 0:17:57]} Qb7 {[%clk 0:23:47]} 22. Bf6
{[%clk 0:14:16]} Be7 {[%clk 0:24:12]} 23. Rac1 {[%clk 0:14:00]} Bxf6
{[%clk 0:23:10]} 24. exf6 {[%clk 0:14:22]} O-O-O {[%clk 0:17:31]} 25. b4
{[%clk 0:13:24]} Kb8 {[%clk 0:17:48]} 26. b5 {[%clk 0:13:09]} Rc8
{[%clk 0:16:18]} 27. bxc6 {[%clk 0:12:25]} Rxc6 {[%clk 0:16:39]} 28. Rxc6
{[%clk 0:06:19]} Qxc6 {[%clk 0:17:07]} 29. Rb1+ {[%clk 0:04:52]} Ka8
{[%clk 0:17:19]} 30. Qb4 {[%clk 0:05:13]} Rc8 {[%clk 0:15:20]} 31. h4
{[%clk 0:05:23]} e5 {[%clk 0:13:46]} 32. Qe7 {[%clk 0:04:34]} Qc7
{[%clk 0:11:10]} 33. Rd1 {[%clk 0:04:16]} Qc2 {[%clk 0:09:03]} 34. Re1
{[%clk 0:04:13]} Qc3 {[%clk 0:08:47]} 35. Rxe5 {[%clk 0:03:01]} Rc7
{[%clk 0:06:58]} 36. Qd8+ {[%clk 0:01:55]} Rc8 {[%clk 0:07:27]} 37. Qe7
{[%clk 0:02:10]} Rc7 {[%clk 0:07:56]} 38. Qd8+ {[%clk 0:02:35]} Rc8
{[%clk 0:08:25]} 39. Qd5+ {[%clk 0:02:51]} Qc6 {[%clk 0:08:53]} 40. Qxc6+
{[%clk 0:02:30]} Rxc6 {[%clk 0:09:21]} 41. Re8+ {[%clk 0:02:43]} Kb7
{[%clk 0:09:44]} 42. Re7+ {[%clk 0:03:08]} Rc7 {[%clk 0:09:24]} 43. f4
{[%clk 0:30:38]} Kc6 {[%clk 0:38:54]} 44. Rxc7+ {[%clk 0:30:59]} Kxc7
{[%clk 0:39:23]} 45. g4 {[%clk 0:28:27]} h5 {[%clk 0:35:46]} 46. f5
{[%clk 0:27:23]} 1-0

[Event "Batavia 1920"]
[Site "Amsterdam"]
[Date "2014.02.21"]
[Round "1.5"]
[White "Van Eijk, Sander"]
[Black "Ernst, Sipke"]
[Result "1/2-1/2"]
[LiveChessVersion "1.4.2"]
[BlackElo "2575"]
[WhiteElo "2438"]

1. e4 {[%clk 1:30:49]} e5 {[%clk 1:30:50]} 2. Bc4 {[%clk 1:31:14]} Nf6
{[%clk 1:31:17]} 3. d3 {[%clk 1:31:39]} Nc6 {[%clk 1:31:43]} 4. Nc3
{[%clk 1:32:05]} Bb4 {[%clk 1:32:10]} 5. Nf3 {[%clk 1:32:27]} d5 {[%clk 1:31:49]}
6. exd5 {[%clk 1:32:34]} Nxd5 {[%clk 1:32:06]} 7. O-O {[%clk 1:32:09]} Bxc3
{[%clk 1:30:17]} 8. bxc3 {[%clk 1:32:11]} Bg4 {[%clk 1:25:45]} 9. Bd2
{[%clk 1:15:08]} O-O {[%clk 1:21:51]} 10. Rb1 {[%clk 1:11:53]} Kh8
{[%clk 1:13:56]} 11. h3 {[%clk 1:05:34]} Bh5 {[%clk 1:12:21]} 12. Rb5
{[%clk 1:03:26]} Nb6 {[%clk 1:10:54]} 13. g4 {[%clk 1:01:42]} Bg6
{[%clk 1:08:10]} 14. Nxe5 {[%clk 1:01:43]} Nxe5 {[%clk 1:08:27]} 15. Rxe5
{[%clk 1:02:11]} Qd6 {[%clk 1:02:11]} 16. Rfe1 {[%clk 0:54:31]} Nxc4
{[%clk 1:02:29]} 17. dxc4 {[%clk 0:54:57]} Qa6 {[%clk 0:53:22]} 18. Qb1
{[%clk 0:48:55]} b6 {[%clk 0:49:35]} 19. Qb3 {[%clk 0:45:03]} c5 {[%clk 0:40:35]}
20. Re7 {[%clk 0:40:21]} f6 {[%clk 0:37:50]} 21. Rc7 {[%clk 0:38:52]} Rf7
{[%clk 0:34:05]} 22. Rxf7 {[%clk 0:35:03]} Bxf7 {[%clk 0:33:40]} 23. Re7
{[%clk 0:34:20]} Kg8 {[%clk 0:31:59]} 24. Qb5 {[%clk 0:33:13]} Qxb5
{[%clk 0:32:11]} 25. cxb5 {[%clk 0:33:40]} Bxa2 {[%clk 0:32:33]} 26. g5
{[%clk 0:32:38]} Bc4 {[%clk 0:22:00]} 27. gxf6 {[%clk 0:32:59]} gxf6
{[%clk 0:22:27]} 28. Kh2 {[%clk 0:29:47]} Bxb5 {[%clk 0:20:13]} 29. c4
{[%clk 0:30:13]} Bxc4 {[%clk 0:20:38]} 30. Bc3 {[%clk 0:30:38]} Bf7
{[%clk 0:20:58]} 31. Bxf6 {[%clk 0:27:32]} a5 {[%clk 0:17:59]} 32. Rb7
{[%clk 0:27:21]} a4 {[%clk 0:17:09]} 33. Rxb6 {[%clk 0:27:22]} a3
{[%clk 0:17:36]} 34. Rb5 {[%clk 0:26:34]} a2 {[%clk 0:14:37]} 35. Ba1
{[%clk 0:26:52]} Rc8 {[%clk 0:12:37]} 36. Ra5 {[%clk 0:25:47]} Be6
{[%clk 0:05:36]} 37. Be5 {[%clk 0:22:33]} Kf7 {[%clk 0:05:32]} 38. Kg3
{[%clk 0:21:16]} Bd5 {[%clk 0:05:47]} 39. Kf4 {[%clk 0:19:12]} Re8
{[%clk 0:02:32]} 40. Kf5 {[%clk 0:10:38]} Be6+ {[%clk 0:02:42]} 41. Ke4
{[%clk 0:10:09]} Bc4 {[%clk 0:00:33]} 42. f4 {[%clk 0:06:29]} Kg6
{[%clk 0:00:43]} 43. f5+ {[%clk 0:03:45]} Kg5 {[%clk 0:01:05]} 44. Ra7
{[%clk 0:03:34]} Bf7 {[%clk 0:30:50]} 45. Ra6 {[%clk 0:29:57]} Re7
{[%clk 0:29:32]} 46. Ra5 {[%clk 0:23:36]} Be8 {[%clk 0:25:26]} 47. h4+
{[%clk 0:19:16]} Kg4 {[%clk 0:25:12]} 48. Kd5 {[%clk 0:19:28]} Kxf5
{[%clk 0:25:36]} 49. Bh8 {[%clk 0:19:42]} Bf7+ {[%clk 0:20:23]} 50. Kxc5
{[%clk 0:18:42]} Re8 {[%clk 0:17:01]} 51. Bg7 {[%clk 0:16:35]} Rg8
{[%clk 0:14:15]} 52. Kd6+ {[%clk 0:12:27]} Ke4 {[%clk 0:09:05]} 53. Bf6
{[%clk 0:11:32]} Rc8 {[%clk 0:08:42]} 54. Ra7 {[%clk 0:10:24]} Bg8
{[%clk 0:08:49]} 55. c4 {[%clk 0:09:20]} Kf5 {[%clk 0:06:13]} 56. Bb2
{[%clk 0:08:27]} Rxc4 {[%clk 0:01:19]} 57. Rxa2 {[%clk 0:08:00]} Rxh4
{[%clk 0:01:47]} 58. Ra5+ {[%clk 0:08:01]} Kg6 {[%clk 0:02:13]} 59. Ra1
{[%clk 0:07:55]} Rg4 {[%clk 0:01:34]} 60. Ke5 {[%clk 0:07:43]} Rg5+
{[%clk 0:00:54]} 61. Kf4 {[%clk 0:08:05]} Rf5+ {[%clk 0:01:17]} 62. Kg3
{[%clk 0:08:25]} Bd5 {[%clk 0:01:42]} 63. Bd4 {[%clk 0:07:41]} Rf3+
{[%clk 0:02:07]} 64. Kh2 {[%clk 0:08:02]} Rd3 {[%clk 0:02:16]} 65. Bc5
{[%clk 0:06:30]} Kf5 {[%clk 0:02:38]} 66. Rf1+ {[%clk 0:06:48]} Kg4
{[%clk 0:02:29]} 67. Rg1+ {[%clk 0:06:58]} Kf4 {[%clk 0:02:56]} 68. Bd6+
{[%clk 0:06:51]} Kf5 {[%clk 0:03:23]} 69. Rf1+ {[%clk 0:06:41]} Ke6
{[%clk 0:03:49]} 70. Bc5 {[%clk 0:06:59]} Bf3 {[%clk 0:04:06]} 71. Ra1
{[%clk 0:06:06]} Kf5 {[%clk 0:04:30]} 72. Ra7 {[%clk 0:06:06]} h5
{[%clk 0:03:19]} 73. Rf7+ {[%clk 0:06:21]} Kg6 {[%clk 0:03:45]} 74. Re7
{[%clk 0:06:26]} Bg4 {[%clk 0:03:31]} 75. Re3 {[%clk 0:05:43]} Rd5
{[%clk 0:03:59]} 76. Be7 {[%clk 0:06:05]} Rd4 {[%clk 0:04:03]} 77. Kg3
{[%clk 0:05:50]} Bf5 {[%clk 0:04:28]} 78. Ra3 {[%clk 0:05:36]} h4+
{[%clk 0:04:48]} 79. Kf3 {[%clk 0:04:54]} Bc8 {[%clk 0:04:58]} 80. Rb3
{[%clk 0:04:38]} Be6 {[%clk 0:04:49]} 81. Rb4 {[%clk 0:04:28]} Bc4
{[%clk 0:04:17]} 82. Ke3 {[%clk 0:04:21]} Rg4 {[%clk 0:04:39]} 83. Kf3
{[%clk 0:04:01]} Kf5 {[%clk 0:04:47]} 84. Bd6 {[%clk 0:02:38]} Rd4
{[%clk 0:04:02]} 85. Bc5 {[%clk 0:02:29]} Rf4+ {[%clk 0:04:11]} 86. Ke3
{[%clk 0:02:22]} h3 {[%clk 0:04:25]} 87. Rb2 {[%clk 0:01:53]} Bd5
{[%clk 0:02:45]} 88. Bd6 {[%clk 0:02:18]} Rf3+ {[%clk 0:03:04]} 89. Kd4
{[%clk 0:02:44]} Bc6 {[%clk 0:02:59]} 90. Rb8 {[%clk 0:03:09]} Ke6
{[%clk 0:03:17]} 91. Bc7 {[%clk 0:03:23]} Rf7 {[%clk 0:03:40]} 92. Bg3
{[%clk 0:03:36]} Rg7 {[%clk 0:04:05]} 93. Bf4 {[%clk 0:03:39]} Kf5
{[%clk 0:04:06]} 94. Rf8+ {[%clk 0:03:44]} Kg4 {[%clk 0:04:34]} 95. Be5
{[%clk 0:03:45]} Re7 {[%clk 0:04:21]} 96. Rg8+ {[%clk 0:03:53]} Kf5
{[%clk 0:04:09]} 97. Rf8+ {[%clk 0:04:13]} Kg4 {[%clk 0:04:33]} 98. Rg8+
{[%clk 0:04:38]} Kh5 {[%clk 0:04:45]} 99. Rh8+ {[%clk 0:04:59]} Kg4 1/2-1/2

[Event "Batavia 1920"]
[Site "Amsterdam"]
[Date "2014.02.22"]
[Round "2.1"]
[White "Van Foreest, Jorden"]
[Black "Williams, Simon"]
[Result "1-0"]
[WhiteElo "2371"]
[BlackElo "2449"]
[PlyCount "101"]
[EventDate "2014.??.??"]
[WhiteClock "0:37:24"]
[BlackClock "0:14:55"]

1. Nf3 d6 2. d4 Nf6 3. c4 g6 4. g3 Bg7 5. Bg2 O-O 6. O-O Nc6 7. Nc3 Bg4 8. d5
Na5 9. Nd2 c5 10. Qc2 Qd7 11. a3 Rac8 12. b3 Bf5 13. e4 Bh3 14. Bb2 Bxg2 15.
Kxg2 e5 16. Nd1 Nh5 17. f3 b6 18. Qd3 f5 19. b4 Nb7 20. b5 Bh6 21. Nf2 Qe7 22.
Bc3 Qg5 23. Nh3 Nf4+ 24. Nxf4 exf4 25. e5 Bg7 26. e6 Rc7 27. Rg1 Na5 28. Rae1
Re7 29. Kf1 Qh6 30. Re2 fxg3 31. hxg3 a6 32. a4 axb5 33. axb5 Ra8 34. Kg2 Bxc3
35. Qxc3 Qg7 36. Qxg7+ Kxg7 37. g4 Kf6 38. Kg3 Nb7 39. gxf5 Kxf5 40. Rh1 Ra2
41. Rh4 g5 42. Rh5 Ra8 43. Reh2 Rh8 44. Ne4 Rg7 45. Rh1 Ke5 46. Rxg5+ Rxg5+ 47.
Nxg5 Rg8 48. f4+ Kd4 49. Rxh7 Na5 50. e7 Nxc4 51. Rg7 1-0

[Event "Batavia 1920"]
[Site "Amsterdam"]
[Date "2014.02.22"]
[Round "2.2"]
[White "L'Ami, Alina"]
[Black "Geirnaert, Steven"]
[Result "1/2-1/2"]
[LiveChessVersion "1.4.2"]
[BlackElo "2391"]
[WhiteElo "2398"]

1. d4 {[%clk 1:30:57]} Nf6 {[%clk 1:30:55]} 2. c4 {[%clk 1:31:24]} e6
{[%clk 1:31:22]} 3. Nc3 {[%clk 1:31:27]} Bb4 {[%clk 1:31:47]} 4. Qc2
{[%clk 1:31:34]} O-O {[%clk 1:32:09]} 5. a3 {[%clk 1:31:43]} Bxc3+
{[%clk 1:32:29]} 6. Qxc3 {[%clk 1:32:00]} b6 {[%clk 1:32:46]} 7. Bg5
{[%clk 1:32:20]} Bb7 {[%clk 1:33:08]} 8. f3 {[%clk 1:32:46]} h6 {[%clk 1:33:16]}
9. Bh4 {[%clk 1:28:50]} d5 {[%clk 1:33:36]} 10. e3 {[%clk 1:28:37]} Nbd7
{[%clk 1:33:47]} 11. cxd5 {[%clk 1:28:58]} Nxd5 {[%clk 1:33:40]} 12. Bxd8
{[%clk 1:29:21]} Nxc3 {[%clk 1:34:02]} 13. Bh4 {[%clk 1:29:46]} Nd5
{[%clk 1:34:18]} 14. Bf2 {[%clk 1:30:12]} c5 {[%clk 1:34:22]} 15. e4
{[%clk 1:11:44]} Ne7 {[%clk 1:34:26]} 16. Bb5 {[%clk 1:05:11]} Bc6
{[%clk 1:14:10]} 17. Bxc6 {[%clk 1:00:02]} Nxc6 {[%clk 1:12:46]} 18. dxc5
{[%clk 0:54:37]} Nxc5 {[%clk 1:08:40]} 19. O-O-O {[%clk 0:40:34]} Rfd8
{[%clk 1:00:01]} 20. Rxd8+ {[%clk 0:39:20]} Rxd8 {[%clk 1:00:24]} 21. Bxc5
{[%clk 0:39:47]} bxc5 {[%clk 1:00:43]} 22. Ne2 {[%clk 0:39:32]} Ne5
{[%clk 0:49:16]} 23. Rd1 {[%clk 0:23:00]} Rxd1+ {[%clk 0:44:26]} 24. Kxd1
{[%clk 0:21:01]} Nc4 {[%clk 0:43:47]} 25. Kc1 {[%clk 0:20:05]} Kf8
{[%clk 0:43:06]} 26. g3 {[%clk 0:20:10]} Ke7 {[%clk 0:37:39]} 27. Kc2
{[%clk 0:20:06]} Kd6 {[%clk 0:37:55]} 28. f4 {[%clk 0:17:44]} Ne3+
{[%clk 0:35:32]} 29. Kd3 {[%clk 0:16:45]} Ng4 {[%clk 0:35:42]} 30. e5+
{[%clk 0:16:36]} Kc6 {[%clk 0:35:58]} 31. h4 {[%clk 0:16:24]} Nf2+
{[%clk 0:18:13]} 32. Kc4 {[%clk 0:16:07]} Nd1 {[%clk 0:17:51]} 33. b3
{[%clk 0:15:39]} h5 {[%clk 0:18:02]} 34. Kd3 {[%clk 0:09:33]} Nf2+
{[%clk 0:17:30]} 35. Ke3 {[%clk 0:09:18]} Ng4+ {[%clk 0:15:32]} 36. Kd3
{[%clk 0:08:23]} Nf2+ {[%clk 0:14:24]} 37. Ke3 {[%clk 0:08:12]} Ng4+
{[%clk 0:14:40]} 38. Kd4 Kd5+ 1/2-1/2

[Event "Batavia 1920"]
[Site "Amsterdam"]
[Date "2014.02.22"]
[Round "2.3"]
[White "Peng, Zhaoqin"]
[Black "Van Eijk, Sander"]
[Result "1/2-1/2"]
[LiveChessVersion "1.4.2"]
[BlackElo "2438"]
[WhiteElo "2398"]

1. d4 {[%clk 1:30:53]} Nf6 {[%clk 1:30:56]} 2. c4 {[%clk 1:31:18]} e6
{[%clk 1:31:22]} 3. Nf3 {[%clk 1:31:37]} c5 {[%clk 1:31:48]} 4. d5
{[%clk 1:31:35]} b5 {[%clk 1:31:13]} 5. Bg5 {[%clk 1:31:21]} exd5
{[%clk 1:31:06]} 6. cxd5 {[%clk 1:31:41]} d6 {[%clk 1:31:31]} 7. e3
{[%clk 1:30:17]} a6 {[%clk 1:31:55]} 8. a4 {[%clk 1:30:36]} b4 {[%clk 1:32:20]}
9. Nbd2 {[%clk 1:30:48]} Be7 {[%clk 1:32:39]} 10. Nc4 {[%clk 1:30:02]} a5
{[%clk 1:33:02]} 11. Bd3 {[%clk 1:24:03]} Bb7 {[%clk 1:31:25]} 12. e4
{[%clk 1:18:51]} O-O {[%clk 1:30:28]} 13. Bf4 {[%clk 1:15:27]} Re8
{[%clk 1:15:14]} 14. O-O {[%clk 1:13:34]} Ba6 15. Nfd2 {[%clk 1:01:08]} Nbd7
{[%clk 1:05:58]} 16. Qf3 {[%clk 0:57:11]} Nf8 {[%clk 1:03:40]} 17. g4
{[%clk 0:53:42]} Ng6 {[%clk 1:01:13]} 18. Bg3 {[%clk 0:54:08]} h6
{[%clk 0:57:06]} 19. h3 {[%clk 0:50:00]} Nd7 {[%clk 0:51:46]} 20. Qe2
{[%clk 0:50:16]} Bxc4 {[%clk 0:51:18]} 21. Nxc4 {[%clk 0:46:43]} Nde5
{[%clk 0:51:18]} 22. f4 {[%clk 0:45:34]} Nxc4 {[%clk 0:51:31]} 23. Bxc4
{[%clk 0:45:59]} Bh4 {[%clk 0:48:28]} 24. Bh2 {[%clk 0:44:20]} Qe7
{[%clk 0:46:50]} 25. e5 {[%clk 0:22:42]} dxe5 {[%clk 0:45:08]} 26. fxe5
{[%clk 0:20:55]} Nxe5 {[%clk 0:44:18]} 27. d6 {[%clk 0:15:42]} Qxd6
{[%clk 0:42:22]} 28. Rad1 {[%clk 0:15:49]} Nxc4 {[%clk 0:35:58]} 29. Qxc4
{[%clk 0:09:52]} Qe6 {[%clk 0:35:58]} 30. Qxc5 {[%clk 0:08:10]} Rac8
{[%clk 0:34:54]} 31. Qf5 {[%clk 0:05:49]} Bf6 {[%clk 0:31:41]} 32. Qxe6
{[%clk 0:05:12]} Rxe6 {[%clk 0:32:03]} 33. Rf5 {[%clk 0:03:30]} Ra6
{[%clk 0:29:21]} 34. Rd2 {[%clk 0:02:12]} b3 {[%clk 0:27:33]} 35. Rb5
{[%clk 0:01:33]} Rc2 {[%clk 0:27:43]} 36. Bf4 {[%clk 0:01:02]} g5
{[%clk 0:27:38]} 37. Be3 {[%clk 0:00:53]} Rxd2 {[%clk 0:23:25]} 38. Bxd2
{[%clk 0:01:22]} Bd4+ {[%clk 0:21:16]} 39. Kg2 {[%clk 0:00:43]} Re6
{[%clk 0:21:06]} 40. Kf3 {[%clk 0:00:43]} Bxb2 {[%clk 0:19:52]} 41. Rxb3
{[%clk 0:00:37]} Rf6+ {[%clk 0:18:46]} 42. Ke2 {[%clk 0:00:38]} Re6+
{[%clk 0:16:00]} 43. Kd3 {[%clk 0:28:54]} Rd6+ {[%clk 0:46:14]} 44. Kc2
{[%clk 0:28:12]} Bg7 {[%clk 0:46:15]} 45. Bxa5 {[%clk 0:24:31]} Ra6
{[%clk 0:45:01]} 46. Rb5 {[%clk 0:24:28]} Kh7 {[%clk 0:45:15]} 47. Rd5
{[%clk 0:22:46]} Kg6 {[%clk 0:44:56]} 48. Kb3 {[%clk 0:22:13]} h5
{[%clk 0:45:07]} 49. Bd2 {[%clk 0:17:30]} Bf6 {[%clk 0:45:00]} 50. a5
{[%clk 0:17:36]} hxg4 {[%clk 0:45:13]} 51. hxg4 {[%clk 0:18:04]} Re6
{[%clk 0:41:47]} 52. Rc5 {[%clk 0:15:09]} Bd8 {[%clk 0:41:09]} 53. Rd5
{[%clk 0:12:23]} Bf6 {[%clk 0:39:52]} 54. Rc5 {[%clk 0:03:53]} Bd8
{[%clk 0:40:15]} 55. Rd5 {[%clk 0:03:53]} 1/2-1/2